| 000 | 00817nam a22002777a 4500 | ||
|---|---|---|---|
| 001 | 9471 | ||
| 003 | FISKH | ||
| 005 | 20260114081808.0 | ||
| 008 | 260114b cb ||||| |||| 00| 0 eng d | ||
| 020 | _a9780312504274 | ||
| 040 |
_aFISKH _beng _cFISKH _dFISKH |
||
| 050 | _aQA445.5 .S52132933 | ||
| 082 | _a516 | ||
| 100 |
_aPriddy, Roger _eAuthor |
||
| 245 |
_aShapes : _bBright baby touch and feel / |
||
| 260 |
_aNew York : _bMartin's Press , _c2008 |
||
| 300 |
_a10 unnumbered pages : _bcolor illustrations ; _c15 cm |
||
| 505 | _aC | ||
| 520 | _aPresents shapes and familiar objects in a touch-and-feel format. | ||
| 521 | 8 |
_a100
_bLexile estimate |
|
| 521 | 8 |
_aC
_bRaz-Plus |
|
| 650 |
_aBoard book _vBright colors |
||
| 650 |
_aChildren _vTouch and feel |
||
| 942 |
_2ddc _cBK _n0 |
||
| 999 |
_c9471 _d9471 |
||